| 000 | 00815nas a2200265 4500 | ||
|---|---|---|---|
| 001 | BR9200561 | ||
| 003 | BR-BrBNA | ||
| 005 | 20231205092255.0 | ||
| 007 | ta | ||
| 008 | 230509b bl.|||p| |||| 00| 00por d | ||
| 040 |
_aBR-BrBNA _bpor _cBiblioteca Nacional de Agricultura |
||
| 041 | _a(Pt) | ||
| 072 | _aF03 | ||
| 100 | 1 | _aMiranda, J.M. | |
| 100 | 1 | _aVieira, M. das G.G.C. | |
| 100 | 1 | _aCarvalho, M.M. de | |
| 245 | 1 | _aInativacao da germinacao de sementes de cafe apos tratamento com etanol, acido acetico e calor | |
| 650 | _aINIBIDOR DE GERMINACAO | ||
| 650 | _aSEMENTE | ||
| 650 | _aCAFE | ||
| 650 | _aPODER GERMINATIVO | ||
| 773 | 0 |
_tCiencia e Pratica (Brazil) _xISSN 0100-3267 _g(May-Aug 1990), v. 14(2) p. 202-207 _wBR9200561 |
|
| 909 |
_a202311 _bLúcia _c55 _dLúcia Elande |
||
| 942 |
_2AGRIS _n0 _cANA |
||
| 999 |
_c130589 _d130589 |
||